कौटिल्य अर्थशास्त्र / (Record no. 97656)
[ view plain ]
| 000 -LEADER | |
|---|---|
| fixed length control field | 01452nam a2200373 a 4500 |
| 001 - CONTROL NUMBER | |
| control field | vtls000093395 |
| 003 - CONTROL NUMBER IDENTIFIER | |
| control field | NLI |
| 005 - DATE AND TIME OF LATEST TRANSACTION | |
| control field | 20210601200049.0 |
| 008 - FIXED-LENGTH DATA ELEMENTS--GENERAL INFORMATION | |
| fixed length control field | 101125s1992 ii 000 0 hin |
| 020 ## - INTERNATIONAL STANDARD BOOK NUMBER | |
| Terms of availability | Rs. 15.00 (pbk.) |
| 039 #9 - LEVEL OF BIBLIOGRAPHIC CONTROL AND CODING DETAIL [OBSOLETE] | |
| -- | 201011251035 |
| -- | VLOAD |
| 040 ## - CATALOGING SOURCE | |
| Original cataloging agency | NLI |
| Language of cataloging | hineng |
| Transcribing agency | DataSoft |
| Description conventions | AACR2 |
| 041 1# - LANGUAGE CODE | |
| Language code of text/sound track or separate title | hinsan |
| Language code of original | san |
| 044 ## - COUNTRY OF PUBLISHING/PRODUCING ENTITY CODE | |
| MARC country code | ii |
| 082 04 - DEWEY DECIMAL CLASSIFICATION NUMBER | |
| Classification number | 320.1 |
| 100 0# - MAIN ENTRY--PERSONAL NAME | |
| Linkage | 880-01 |
| Personal name | कौटिल्य |
| Fuller form of name | (आचार्य चाणक्य) |
| 9 (RLIN) | 201430 |
| 245 10 - TITLE STATEMENT | |
| Linkage | 880-02 |
| Title | कौटिल्य अर्थशास्त्र / |
| Statement of responsibility, etc. | कौटिल्य ; संपादक राकेश शास्त्री |
| 260 ## - PUBLICATION, DISTRIBUTION, ETC. | |
| Place of publication, distribution, etc. | दिल्ली : |
| Name of publisher, distributor, etc. | साधना पॉकेट बुक्स, |
| Date of publication, distribution, etc. | 1992 |
| 300 ## - PHYSICAL DESCRIPTION | |
| Extent | 224 p. ; |
| Dimensions | 18 cm. |
| 440 #0 - SERIES STATEMENT/ADDED ENTRY--TITLE | |
| Title | ए. एच. डब्लू. साधना सिरीज |
| 500 ## - GENERAL NOTE | |
| General note | Text in Hindi and Sanskrit |
| 500 ## - GENERAL NOTE | |
| General note | Translation from the Sanskrit |
| 650 #0 - SUBJECT ADDED ENTRY--TOPICAL TERM | |
| Topical term or geographic name entry element | Political science |
| 9 (RLIN) | 867 |
| 650 #0 - SUBJECT ADDED ENTRY--TOPICAL TERM | |
| Topical term or geographic name entry element | Diplomacy |
| 9 (RLIN) | 201431 |
| 700 1# - ADDED ENTRY--PERSONAL NAME | |
| Linkage | 880-03 |
| Personal name | शास्त्री¸ राकेश, |
| Relationship | edt |
| 9 (RLIN) | 198425 |
| 880 10 - ALTERNATE GRAPHIC REPRESENTATION | |
| Linkage | 245-02 (B |
| a | Kauṭilya arthaśāstra / |
| c | Kauṭilya ; edited by Rakeś Śāstrī |
| 880 0# - ALTERNATE GRAPHIC REPRESENTATION | |
| Linkage | 100-01 (B |
| a | Kauṭilya |
| q | (Ācārya Cāṇakya) |
| 880 1# - ALTERNATE GRAPHIC REPRESENTATION | |
| Linkage | 700-03 (B |
| a | Śāstrī, Rakeś, |
| 4 | edt |
| 887 ## - NON-MARC INFORMATION FIELD | |
| Content of non-MARC field | |
| 901 ## - LOCAL DATA ELEMENT A, LDA (RLIN) | |
| a | 64167 |
| b | 05.11.1992 |
| 902 ## - LOCAL DATA ELEMENT B, LDB (RLIN) | |
| a | H320.1 K812xp |
| 949 ## - LOCAL PROCESSING INFORMATION (OCLC) | |
| -- | VIRTUAITEM |
| -- | 10001 |
| -- | 100 |
| 6 | DBA000064167HIN |
| 942 ## - ADDED ENTRY ELEMENTS (KOHA) | |
| Source of classification or shelving scheme | Dewey Decimal Classification |
| Koha item type | Books |
| Withdrawn status | Lost status | Damaged status | Not for loan | Collection code | Home library | Current library | Shelving location | Date acquired | Total Checkouts | Full call number | Barcode | Date last seen | Price effective from | Koha item type |
|---|---|---|---|---|---|---|---|---|---|---|---|---|---|---|
| Hindi | National Library of India | National Library of India | Hindi - Book - Main Stack Division | H320.1 K812xp | DBA000064167HIN | 01/06/2021 | 01/06/2021 | Books |
